The power of precedent /

Salvato in:
Dettagli Bibliografici
Autore principale: Gerhardt, Michael J.
Natura: Libro
Pubblicazione: Oxford ; New York : Oxford University Press, c2008.
Soggetti:
Accesso online:http://www.loc.gov/catdir/toc/ecip0720/2007023693.html
Tags: Aggiungi Tag
Nessun Tag, puoi essere il primo ad aggiungerne!!

MARC

LEADER 00000cam a22000004a 4500
005 20260415062950.0
020 |a 9780195150506  |c TZS 76,521.91/= 
040 |a MCCL  |b eng.  |e AACR 2nd rev. ed. 
082 0 0 |a 347.73262 GER 
100 1 |a Gerhardt, Michael J., 
245 1 4 |a The power of precedent /  |c Michael J. Gerhardt. 
260 |a Oxford ;  |a New York :  |b Oxford University Press,  |c c2008. 
300 |a 340 p. ;  |c 25 cm. 
504 |a Includes bibliographical references and index. 
505 0 |a The patterns of Supreme Court precedent -- Theories of precedent -- The golden rule -- Non-judicial precedent -- The multiple functions of precedent -- Super precedent -- The future of precedent. 
650 0 |a Stare decisis  |z United States. 
650 0 |a Law  |z United States 
856 4 1 |u http://www.loc.gov/catdir/toc/ecip0720/2007023693.html 
942 |c BK 
999 |c 12624  |d 12624